| 000 | 00374nam a2200145Ia 4500 | ||
|---|---|---|---|
| 008 | 230917s9999||||xx |||||||||||||| ||und|| | ||
| 040 |
_e47808 _aMAIN |
||
| 041 | _aEnglish | ||
| 082 | _a843.4 V594F | ||
| 100 | _aVerne, Jules | ||
| 245 | 0 | _aFive weeks in a Balloon around the world in eighty days | |
| 260 |
_aLondon _bDent _c1968 |
||
| 300 | _axxvi, 374 p. | ||
| 942 | _cBK | ||
| 999 |
_c180541 _d180541 |
||